<?xml version="1.0" encoding="UTF-8"?>
<record
    xmlns:xsi="http://www.w3.org/2001/XMLSchema-instance"
    xsi:schemaLocation="http://www.loc.gov/MARC21/slim http://www.loc.gov/standards/marcxml/schema/MARC21slim.xsd"
    xmlns="http://www.loc.gov/MARC21/slim">

  <leader>01124nam a2200289 i 4500</leader>
  <controlfield tag="001">189045</controlfield>
  <controlfield tag="003">SpMaBN</controlfield>
  <controlfield tag="005">20250806060947.0</controlfield>
  <controlfield tag="008">190325s2015    sp fo        |||| | spa d</controlfield>
  <datafield tag="020" ind1=" " ind2=" ">
    <subfield code="a">978-84-9998-434-6</subfield>
  </datafield>
  <datafield tag="080" ind1=" " ind2=" ">
    <subfield code="a">340.6(035)</subfield>
  </datafield>
  <datafield tag="080" ind1=" " ind2=" ">
    <subfield code="a">340.64:572(035)</subfield>
  </datafield>
  <datafield tag="100" ind1="1" ind2=" ">
    <subfield code="a">Dorado Fern&#xE1;ndez, Enrique.</subfield>
    <subfield code="9">166682</subfield>
  </datafield>
  <datafield tag="245" ind1="1" ind2="0">
    <subfield code="a">Lo que cuentan los muertos / </subfield>
    <subfield code="c">Enrique Dorado y Jos&#xE9; Antonio S&#xE1;nchez.</subfield>
  </datafield>
  <datafield tag="246" ind1="3" ind2=" ">
    <subfield code="i">Subt&#xED;t. de cubierta</subfield>
    <subfield code="a">los cad&#xE1;veres pueden desvelarnos secretos, solo hay que saber escucharlos</subfield>
  </datafield>
  <datafield tag="250" ind1=" " ind2=" ">
    <subfield code="a">1&#xAA; ed.</subfield>
  </datafield>
  <datafield tag="260" ind1=" " ind2=" ">
    <subfield code="a">Barcelona : </subfield>
    <subfield code="b">Temas de Hoy, </subfield>
    <subfield code="c">2015.</subfield>
  </datafield>
  <datafield tag="300" ind1=" " ind2=" ">
    <subfield code="a">212 p., [8] p. de l&#xE1;m. ; </subfield>
    <subfield code="c">23 cm.</subfield>
  </datafield>
  <datafield tag="650" ind1="0" ind2="7">
    <subfield code="a">Medicina legal</subfield>
    <subfield code="2">embne</subfield>
    <subfield code="9">14928</subfield>
  </datafield>
  <datafield tag="650" ind1=" " ind2="7">
    <subfield code="a">Antropolog&#xED;a forense</subfield>
    <subfield code="2">embne</subfield>
    <subfield code="9">166679</subfield>
  </datafield>
  <datafield tag="700" ind1="1" ind2=" ">
    <subfield code="a">S&#xE1;nchez S&#xE1;nchez, Jos&#xE9; Antonio </subfield>
    <subfield code="c">(m&#xE9;dico)</subfield>
    <subfield code="9">166680</subfield>
  </datafield>
  <datafield tag="852" ind1=" " ind2=" ">
    <subfield code="a">ES-MaACL</subfield>
    <subfield code="j">A-14435</subfield>
    <subfield code="9">196182</subfield>
    <subfield code="b">R.151893</subfield>
    <subfield code="c">DEPO1</subfield>
    <subfield code="d">Olim: N-7435</subfield>
    <subfield code="h">Donaci&#xF3;n: Enrique Dorado y Jos&#xE9; Antonio S&#xE1;nchez</subfield>
  </datafield>
  <datafield tag="903" ind1=" " ind2=" ">
    <subfield code="9">166682</subfield>
    <subfield code="a">Dorado Fern&#xE1;ndez, Enrique</subfield>
    <subfield code="e">dnr</subfield>
  </datafield>
  <datafield tag="903" ind1=" " ind2=" ">
    <subfield code="9">102379</subfield>
    <subfield code="a">S&#xE1;nchez, Jos&#xE9; Antonio</subfield>
    <subfield code="e">dnr</subfield>
  </datafield>
  <datafield tag="942" ind1=" " ind2=" ">
    <subfield code="2">udc</subfield>
    <subfield code="c">MONOGRAFIA</subfield>
  </datafield>
  <datafield tag="999" ind1=" " ind2=" ">
    <subfield code="c">189045</subfield>
    <subfield code="d">189045</subfield>
  </datafield>
  <datafield tag="952" ind1=" " ind2=" ">
    <subfield code="0">0</subfield>
    <subfield code="1">0</subfield>
    <subfield code="2">udc</subfield>
    <subfield code="4">0</subfield>
    <subfield code="7">0</subfield>
    <subfield code="a">ATENEOM</subfield>
    <subfield code="b">ATENEOM</subfield>
    <subfield code="c">DEPO1</subfield>
    <subfield code="d">2019-03-25</subfield>
    <subfield code="e">DONACION</subfield>
    <subfield code="l">0</subfield>
    <subfield code="o">A-14435</subfield>
    <subfield code="p">1200215</subfield>
    <subfield code="r">2023-02-23 00:00:00</subfield>
    <subfield code="w">2023-02-23</subfield>
    <subfield code="y">MONOGRAFIA</subfield>
  </datafield>
</record>
